Statistics for Периодическая таблица химических элементов

Click here to take the quiz!

General Stats

  • This quiz has been taken 67 times
    (42 since last reset)
  • The average score is 41 of 118

Answer Stats

ЭлементСимвол% Correct
1ВодородH
88%
20КальцийCa
82%
12МагнийMg
82%
11НатрийNa
82%
79ЗолотоAu
76%
19КалийK
76%
8КислородO
76%
47СереброAg
71%
13АлюминийAl
71%
17ХлорCl
71%
9ФторF
71%
2ГелийHe
71%
80РтутьHg
71%
3ЛитийLi
71%
5БорB
65%
35БромBr
65%
6УглеродC
65%
29МедьCu
65%
26ЖелезоFe
65%
7АзотN
65%
16СераS
59%
22ТитанTi
59%
15ФосфорP
53%
56БарийBa
47%
4БериллийBe
47%
53ИодI
47%
10НеонNe
47%
82СвинецPb
47%
78ПлатинаPt
47%
88РадийRa
47%
38СтронцийSr
47%
92УранU
47%
24ХромCr
41%
55ЦезийCs
41%
105ДубнийDb
41%
36КриптонKr
41%
86РадонRn
41%
34СеленSe
41%
14КремнийSi
41%
73ТанталTa
41%
39ИттрийY
41%
18АргонAr
35%
33МышьякAs
35%
85АстатAt
35%
110ДармштадтийDs
35%
87ФранцийFr
35%
32ГерманийGe
35%
49ИндийIn
35%
57ЛантанLa
35%
25МарганецMn
35%
94ПлутонийPu
35%
37РубидийRb
35%
50ОловоSn
35%
43ТехнецийTc
35%
81ТаллийTl
35%
23ВанадийV
35%
74ВольфрамW
35%
54КсенонXe
35%
30ЦинкZn
35%
83ВисмутBi
29%
31ГаллийGa
29%
115МосковийMc
29%
42МолибденMo
29%
76ОсмийOs
29%
84ПолонийPo
29%
75РенийRe
29%
44РутенийRu
29%
106СиборгийSg
29%
107БорийBh
24%
48КадмийCd
24%
99ЭйнштейнийEs
24%
72ГафнийHf
24%
108ХассийHs
24%
77ИридийIr
24%
113НихонийNh
24%
28НикельNi
24%
93НептунийNp
24%
46ПалладийPd
24%
104РезерфордийRf
24%
111РентгенийRg
24%
51СурьмаSb
24%
21СкандийSc
24%
52ТеллурTe
24%
40ЦирконийZr
24%
89АктинийAc
18%
97БерклийBk
18%
98КалифорнийCf
18%
112КоперницийCn
18%
27КобальтCo
18%
66ДиспрозийDy
18%
63ЕвропийEu
18%
67ГольмийHo
18%
116ЛиверморийLv
18%
101МенделевийMd
18%
109МейтнерийMt
18%
41НиобийNb
18%
118ОганесонOg
18%
95АмерицийAm
12%
58ЦерийCe
12%
96КюрийCm
12%
114ФлеровийFl
12%
71ЛютецийLu
12%
60НеодимNd
12%
102НобелийNo
12%
91ПротактинийPa
12%
45РодийRh
12%
62СамарийSm
12%
90ТорийTh
12%
117ТеннессинTs
12%
68ЭрбийEr
6%
100ФермийFm
6%
64ГадолинийGd
6%
103ЛоуренсийLr
6%
61ПрометийPm
6%
59ПразеодимPr
6%
65ТербийTb
6%
69ТулийTm
6%
70ИттербийYb
6%

Score Distribution

Percentile by Number Answered

Percent of People with Each Score

Your Score History

You have not taken this quiz since the last reset